000 01189cam a22003617a 4500
003 CHAP
005 20220329135834.0
008 971013s1992 r 00010 d
010 _a43087
011 _a44059
035 _a48197
040 _cCHAP
082 _a519.536
_bH6
100 0 0 _aHuet, Sylvie.
_956735
245 1 3 _aLa régression non-linéaire
_b: méthodes et applications en biologie
260 _aParis :
_bInstitute National de la Recherche Agronomique,
_c1992
300 _a236 p.
490 0 _aMieux comprendre
590 _aBATCH-UPD
_b10
_c20130110
_lUCH01
_h0037
590 _aBATCH-UPD
_b10
_c20130110
_lUCH01
_h1739
590 _aBATCH-UPD
_b10
_c20130410
_lUCH01
_h1118
590 _aBATCH-UPD
_b10
_c20130914
_lUCH01
_h0345
590 _aBATCH-UPD
_b10
_c20130914
_lUCH01
_h2116
590 _aCONVERSION
_b10
_c20130109
_lUCH01
_h1324
650 1 4 _aAnálisis de regresión.
_95974
650 1 4 _aBiometría.
_912831
700 0 _aJolivet, Emmanuel.
_961955
700 0 _aMesséan, Antoine.
_975139
830 0 _aMieux comprendre
_975587
901 _aBK
942 _cLIBRO
949 _a519.536 H6
_bBC
_cLIBRO
_d33724000008025
_eLIBRO
_gI.174378
_h89084
_i48197
_si
_t138.10
999 _c43087
_d43087